[Event "Tata Steel"]
[Site "Wijk aan Zee 75"]
[Date "2013.01.14"]
[Round "3"]
[White "Carlsen, Magnus"]
[Black "Van Wely, Loek"]
[Result "1-0"]
[WhiteElo "2861"]
[BlackElo "2679"]
[Annotator "JvR"]
[PlyCount "65"]
[EventDate "2013.01.??"]
[EventCountry "NED"]

1. c4 g6 2. d4 Nf6 3. Nc3 Bg7 4. e4 d6 5. Be2 O-O 6. Bg5 c5 7. d5 e6 8. Qd2
exd5 9. exd5 Qb6 10. Nf3 Bf5 11. Nh4 Ne4 12. Nxe4 Bxe4 13. f3 Qxb2 14. Rc1 Bf5
15. Nxf5 gxf5 16. Qxb2 Bxb2 17. Rb1 $1 {Carlsen improves the theory.} Bc3+ 18.
Kd1 Re8 $5 ({The pointe is} 18... b6 19. Rb3 Bd4 20. Bd3 {and White has an
advantage.}) 19. Rxb7 Na6 20. a3 Rab8 21. Rxb8 Nxb8 ({Or} 21... Rxb8 22. Kc2
Be5 23. Bc1 {(Krasenkow).}) 22. Bd3 Nd7 23. Kc2 Bd4 24. Rb1 Nb6 25. Bf4 Be5 26.
Re1 Kg7 27. Bg3 Re7 28. f4 Bf6 29. Rxe7 Bxe7 30. Be1 h5 31. g3 Bf6 32. Kb3 Kg6
33. h3 $1 {White will play 34.g4. Carlsen scored his first win.} 1-0

[Event "Tata Steel"]
[Site "Wijk aan Zee 75"]
[Date "2013.01.15"]
[Round "4"]
[White "Aronian, Levon"]
[Black "Anand, Viswanathan"]
[Result "0-1"]
[WhiteElo "2802"]
[BlackElo "2772"]
[Annotator "JvR"]
[PlyCount "46"]
[EventDate "2013.01.??"]
[EventCountry "NED"]

1. d4 d5 2. c4 c6 3. Nf3 Nf6 4. Nc3 e6 5. e3 Nbd7 6. Bd3 dxc4 7. Bxc4 b5 8. Bd3
Bd6 9. O-O O-O 10. Qc2 Bb7 11. a3 Rc8 12. Ng5 c5 $5 {Anand is going to charge
over the whole board.} ({The alternative} 12... Bxh2+ 13. Kxh2 Ng4+ 14. Kg1
Qxg5 {drew in Wojtaszek - Negi, Bundesliga 2011.}) 13. Nxh7 Ng4 14. f4 (14. h3
Bh2+ $1 15. Kh1 Qh4 {leads to great complications.}) 14... cxd4 15. exd4 $6 ({
Anand has prepared} 15. Nxf8 Bxf8 16. h3 dxc3 17. hxg4 Nf6) 15... Bc5 $1 16.
Be2 $2 ({Correct is} 16. dxc5 Nxc5 17. Nxf8 Nxd3 18. h3 Qd4+ 19. Kh1 Ndf2+ 20.
Rxf2 Nxf2+ 21. Kh2 Kxf8 {and Black has little advantage (Anand).}) 16... Nde5
$3 {He finds a brilliancy.} 17. Bxg4 ({The pointe is} 17. fxe5 Qxd4+ 18. Kh1
Qg1+ 19. Rxg1 Nf2# {(Anand).}) 17... Bxd4+ 18. Kh1 Nxg4 19. Nxf8 f5 $1 {Qh7+
is prevented!} 20. Ng6 Qf6 21. h3 (21. Ne5 Nxh2 $1 {wins for Black.}) 21...
Qxg6 22. Qe2 Qh5 23. Qd3 $6 Be3 $1 {Black threatens 24...Qxh3#. This great
game by the world champion reminds of the classic encounter Rotlewi -
Rubinstein, Lodz 1907.} 0-1

[Event "Tata Steel"]
[Site "Wijk aan Zee 75"]
[Date "2013.01.15"]
[Round "4"]
[White "Carlsen, Magnus"]
[Black "Harikrishna, Penteala"]
[Result "1-0"]
[WhiteElo "2861"]
[BlackElo "2698"]
[Annotator "JvR"]
[PlyCount "98"]
[EventDate "2013.01.??"]
[EventCountry "NED"]

1. e4 e5 2. Nf3 Nc6 3. c3 {Carlsen plays the quiet Ponziani.} Nf6 4. d4 d5 5.
Bb5 exd4 6. e5 Ne4 7. Nxd4 Bd7 8. Bxc6 bxc6 9. O-O Be7 10. Be3 O-O 11. Nd2 Nc5
12. b4 $5 ({Known is} 12. f4) 12... Nb7 $5 13. f4 a5 14. f5 $1 {Carlsen
sacrifices a pawn for the initiative.} axb4 15. cxb4 Bxb4 16. Qg4 Bc3 17. Rac1
Bxd4 18. Bxd4 Rxa2 19. e6 f6 20. Nb3 {He blockades the black pawns.} Be8 21.
Nc5 Nd6 22. Qf3 Qe7 23. Rf2 Ra5 $2 ({Wiser is} 23... Rxf2 24. Qxf2 Bh5) 24. Nb3
Rb5 25. Bc5 Bh5 26. Qc3 $1 {White controls the centre.} Qe8 $5 27. Qe3 $5 Qa8
$6 (27... Ne4 $1 28. Bxf8 Nxf2 29. Nd4 Ng4 30. Qg3 Qxf8 31. Nxb5 {(Marin)} Ne5
$1 32. Nxc7 Qe7 {offers more resistance.}) 28. Nd4 $1 Rxc5 ({Or} 28... Ra5 29.
Bxd6 cxd6 30. Nxc6 Ra1 31. Rxa1 Qxa1+ 32. Rf1) 29. Rxc5 Ne4 30. Nxc6 Nxf2 31.
Kxf2 Qa2+ 32. Kg3 Re8 33. h3 $1 Qa6 34. Qc3 Be2 35. Rxd5 Bb5 36. Nb4 Qb7 37.
Qc5 Ba4 $5 38. Rd7 $1 Qe4 39. Rxc7 {White has gained a pawn.} h5 40. Kh2 Kh7
41. Qf2 Rg8 42. Na6 Be8 43. Rc5 Qd3 44. Nb4 Qd6+ 45. Kh1 Qd1+ 46. Qg1 Qd6 47.
Nd5 Rf8 48. Qd4 Kh8 49. Rc8 Bc6 {Anand, Carlsen and Karjakin shared the first
place by 3/4.} ({Harakrishna notices} 49... Bc6 50. Nxf6 $1) 1-0

[Event "Tata Steel"]
[Site "Wijk aan Zee 75"]
[Date "2013.01.17"]
[Round "5"]
[White "Leko, Peter"]
[Black "Caruana, Fabiano"]
[Result "1-0"]
[WhiteElo "2735"]
[BlackElo "2781"]
[Annotator "JvR"]
[PlyCount "89"]
[EventDate "2013.01.??"]
[EventCountry "NED"]

1. e4 e5 2. Nf3 Nc6 3. Bb5 a6 4. Ba4 Nf6 5. O-O Be7 6. d3 b5 7. Bb3 d6 8. a4
Bd7 9. c3 O-O 10. Bc2 b4 11. Re1 Re8 12. Nbd2 Na5 $5 ({Known is} 12... Rb8 {
(Karjakin - Aronian, Bejing 2012).}) 13. d4 $1 Bf8 14. h3 h6 15. Bd3 bxc3 16.
bxc3 c5 17. d5 Qc7 $5 ({More active is} 17... Nh5 $1) 18. Nc4 Nxc4 19. Bxc4
Reb8 20. Nd2 Be8 21. Bd3 Nd7 22. a5 $1 {He prevents ..Nb6.} Nf6 23. Nc4 Bb5 24.
Nb6 $1 Ra7 25. Qe2 Bxd3 26. Qxd3 Nd7 27. Nc4 $1 {The blockader returns.} Rab7
28. Bd2 Rb5 29. Rf1 Be7 30. f4 {He takes the initiative on the kingside.} Bf6
31. g3 R8b7 32. Kg2 Nf8 33. Rf2 Ng6 34. Raf1 Qe7 35. Kh2 Rb8 36. Rg2 Qc7 37.
Rfg1 Rb3 {Black has little counter-play.} 38. f5 Nf8 39. h4 Qd7 $2 ({Better is
} 39... Nh7 $1 40. Kh3 Bd8 41. g4 f6 {and Black stops the advance (Postny).})
40. g4 $1 g5 $5 ({The pointe is} 40... Bxh4 41. g5 hxg5 42. Bxg5 Bxg5 43. Rxg5
g6 44. Qh3 Rb1 45. R1g2 Kg7 46. Rh5 $1 {and White wins.}) 41. fxg6 fxg6 42. g5
hxg5 43. Bxg5 Bg7 44. h5 R8b4 $5 45. hxg6 {Leko played a fine game.} 1-0

[Event "Tata Steel"]
[Site "Wijk aan Zee 75"]
[Date "2013.01.18"]
[Round "6"]
[White "Aronian, Levon"]
[Black "Leko, Peter"]
[Result "1-0"]
[WhiteElo "2802"]
[BlackElo "2735"]
[Annotator "JvR"]
[PlyCount "117"]
[EventDate "2013.01.??"]
[EventCountry "NED"]

1. d4 Nf6 2. c4 e6 3. Nf3 b6 4. g3 Ba6 5. Qc2 c5 6. d5 exd5 7. cxd5 Bb7 8. Bg2
Nxd5 9. O-O Nc6 10. Rd1 Be7 11. Qa4 Nf6 12. e4 O-O 13. e5 Ne8 14. Nc3 Nc7 15.
Be3 Qe8 16. Nd2 $5 ({Theory is} 16. Rd2) 16... Rb8 17. Nc4 b5 $5 18. Nxb5 Nxb5
19. Qxb5 Nxe5 20. Nxe5 Bxg2 21. Qxd7 Ba8 22. Rd2 Rd8 23. Qxe8 Rfxe8 {The
chances are equal.} 24. Rad1 Rxd2 25. Rxd2 f6 26. Nc4 Rd8 $2 {There is no need
for a gift in the endgame.} 27. Rxd8+ Bxd8 28. Bxc5 {White has grabbed a pawn.}
a6 29. Kf1 Kf7 30. Ke2 Ke6 31. Kd3 g5 32. Kd4 h5 33. b3 Bc7 34. Bb6 Bd6 35. Bd8
Bb4 36. a3 Be1 37. Ke3 Bc3 38. Bc7 Bc6 39. Kd3 Ba1 40. f4 Bb5 41. a4 Bc6 42.
Na5 Bg2 43. Kc4 Kd7 44. Bb8 Bf1+ 45. Kc5 Bc3 46. Nc4 Be2 47. f5 Be1 48. Nb6+
Ke8 49. b4 Bf2+ 50. Kc6 Bxb6 $2 {Leko should not exchange the minor pieces.} ({
Better is} 50... Bd3 51. Nc8 Bg1 52. Nd6+ Kf8) 51. Kxb6 Kd7 52. Kb7 Bd3 53. Ba7
Bc2 $2 {He makes the fatal error.} ({Preferable is} 53... h4 54. gxh4 gxh4 55.
h3 $1 Kd6 $1 56. Bf2 $1 Ke5 57. Bxh4 Kxf5 58. Kb6 {(Krasenkow)} Ke5 59. Kc5 f5
60. b5 axb5 61. axb5 f4 62. b6 Be4 {and the position will be hard to win for
White.}) 54. Kxa6 Bxa4 55. b5 Bc2 56. Bd4 Bd3 ({Or} 56... Kc8 57. b6 Kb8 58.
Bxf6 Bd3+ 59. Ka5 Bxf5 60. Bxg5 {(Krasenkow).}) 57. Bxf6 Kc8 58. Bxg5 Bxf5 59.
Ka7 {White will create a second passed pawn and win easily.} 1-0

[Event "Tata Steel"]
[Site "Wijk aan Zee 75"]
[Date "2013.01.18"]
[Round "6"]
[White "Carlsen, Magnus"]
[Black "Sokolov, Ivan"]
[Result "1-0"]
[WhiteElo "2861"]
[BlackElo "2663"]
[Annotator "JvR"]
[PlyCount "95"]
[EventDate "2013.01.??"]
[EventCountry "NED"]

1. e4 e5 2. Nf3 Nc6 3. Bb5 a6 4. Ba4 Nf6 5. O-O b5 6. Bb3 Bb7 7. d3 Bc5 8. a4
O-O 9. Bg5 h6 10. Bh4 d6 11. c3 Qe7 12. Na3 Na5 $5 ({Known is} 12... Bxa3 13.
Rxa3 b4) 13. Bc2 b4 14. Nb1 g5 15. Bg3 Nh5 {Black has a pleasant game.} 16.
Nbd2 Ba7 17. Re1 bxc3 18. bxc3 Nxg3 19. hxg3 Qf6 20. Qe2 Rfb8 21. Rab1 Bc8 22.
Nf1 Rxb1 $6 23. Rxb1 Rb8 24. Rxb8 Bxb8 {The exchanges have cost time. Carlsen
utilises the opportunity.} 25. Ne3 $1 Ba7 26. d4 $1 {White takes the
initiative.} g4 $5 27. Nd5 $1 Qd8 28. Nh4 c6 29. Ne3 h5 30. Nhf5 Qf6 31. Qd3
Bb6 32. Bb1 Kf8 33. Ba2 Bc7 {White's pieces are active.} 34. Qb1 Ke8 35. Qb4 d5
$2 {The centre should remain closed.} ({Better is} 35... Kf8 36. Bb1 Ke8 {
(Carlsen).}) 36. Bb1 $1 exd4 37. cxd4 dxe4 38. Bxe4 Be6 39. Qc5 Kd7 40. d5 cxd5
41. Nxd5 Bxd5 42. Qxd5+ Kc8 43. Ne3 Qa1+ 44. Kh2 Qxa4 45. Qa8+ Kd7 46. Nd5 $5
Bd8 $2 47. Bf5+ Ke8 48. Qc8 $1 {Carlsen had won his third game and took the
sole lead.} (48. Qc8 Nc6 49. Bd7+ {gains a piece.}) 1-0

[Event "Tata Steel"]
[Site "Wijk aan Zee 75"]
[Date "2013.01.19"]
[Round "7"]
[White "Wang Hao"]
[Black "Nakamura, Hikaru"]
[Result "0-1"]
[WhiteElo "2752"]
[BlackElo "2769"]
[Annotator "JvR"]
[PlyCount "76"]
[EventDate "2013.01.??"]
[EventCountry "NED"]

1. d4 d5 2. c4 e6 3. Nf3 c6 4. Qc2 dxc4 5. Qxc4 Nf6 6. Bg5 b5 7. Qc2 Bb7 8. e4
Nbd7 9. Nbd2 Qb6 10. a4 a6 11. axb5 cxb5 $5 12. Bd3 Rc8 13. Qb1 h6 14. Be3 Ng4
$1 15. O-O $5 Nxe3 16. fxe3 e5 $1 {Black has a positional edge.} 17. Nb3 Bb4
18. Qa2 $6 {White plays hide and seek.} O-O 19. Na5 Ba8 20. Kh1 Bxa5 21. Qxa5
Qxa5 22. Rxa5 f5 $1 23. Rxa6 $1 (23. Nd2 $2 fxe4 $1 {wins for Black (Krasenkow)
.}) 23... fxe4 24. Rxa8 Rxa8 25. Bxe4 Rad8 26. Ra1 exd4 27. exd4 Nb6 28. Ra5 $2
({Better is} 28. Kg1 Nc4 29. Bc6 b4 30. Ra4 Nxb2 31. Rxb4 {and White fights
for survival.}) 28... Rxd4 $1 {Black threatens mate and attacks a piece.} 29.
Bc2 Rb4 30. Bd3 Ra8 31. Rxb5 Ra1+ 32. Ng1 Rxb5 33. Bxb5 Rb1 34. h3 Rxb2 {He
has an extra exchange in the ending.} 35. Bc6 Kf7 36. Nf3 Kf6 37. Kh2 Nc4 38.
Kg3 Ne3 {Anand defeated Van Wely and joined the lead with Carlsen.} 0-1

[Event "Tata Steel"]
[Site "Wijk aan Zee 75"]
[Date "2013.01.20"]
[Round "8"]
[White "Aronian, Levon"]
[Black "Hou, Yifan"]
[Result "1-0"]
[WhiteElo "2802"]
[BlackElo "2603"]
[Annotator "JvR"]
[PlyCount "79"]
[EventDate "2013.01.??"]
[EventCountry "NED"]

1. c4 Nf6 2. Nc3 e6 3. e4 d5 4. e5 d4 5. exf6 dxc3 6. bxc3 Qxf6 7. Nf3 e5 8.
Bd3 Bg4 9. Be4 Nd7 $1 {Black improves the theory.} (9... Nc6 10. O-O O-O-O {
occurred in Nakamura - Zarnicki, Minneapolis 2005.}) 10. Bxb7 $5 {Aronian
accepts the challenge.} Rb8 11. Bd5 c6 12. Be4 Nc5 13. Qe2 Nxe4 14. Qxe4 Bxf3
15. Qxf3 Qxf3 16. gxf3 Bd6 {Black has a sufficient compensation for the pawn.}
17. Kd1 Kd7 18. Kc2 f5 19. d3 Rhf8 20. Rg1 g6 21. Bh6 Rf7 22. Rad1 Ke6 23. Bc1
Rb6 24. f4 Ra6 $6 ({Preferable is} 24... exf4 25. Rge1+ Kf6) 25. fxe5 Rxa2+ $4
(25... Kxe5 26. c5 Bc7 {is alright.}) 26. Kb1 $1 Rxf2 27. exd6 Rb7+ 28. Ka1
Kxd6 ({She has planned} 28... Rb6 {but} 29. c5 Ra6+ 30. Kb1 {does not lead to
perpetual check.}) 29. Rd2 Rf3 30. Re1 Rd7 31. Kb1 g5 32. Kc2 f4 33. Ba3+ Kc7
34. d4 g4 35. d5 cxd5 36. cxd5 h5 37. Be7 g3 38. Re5 Re3 39. d6+ Kc6 40. Rxh5 {
Hou Yifan blundered a piece in the endgame.} 1-0

[Event "Tata Steel"]
[Site "Wijk aan Zee 75"]
[Date "2013.01.20"]
[Round "8"]
[White "Carlsen, Magnus"]
[Black "Karjakin, Sergey"]
[Result "1-0"]
[WhiteElo "2861"]
[BlackElo "2780"]
[Annotator "JvR"]
[PlyCount "183"]
[EventDate "2013.01.??"]
[EventCountry "NED"]

{Carlsen meets a main competitor.} 1. Nf3 Nf6 2. g3 d5 3. Bg2 c6 4. O-O Bg4 5.
c4 e6 6. d3 Nbd7 7. cxd5 exd5 8. Qc2 Be7 9. Nc3 Bxf3 10. Bxf3 d4 11. Ne4 O-O
12. Nxf6+ Nxf6 $5 13. Bd2 a5 14. a3 Nd5 $1 15. Rab1 Qd7 16. Rfc1 Rfe8 17. Qc4
Nc7 18. h4 a4 19. Bb4 Nb5 20. Kg2 h6 21. Bc5 g6 22. Qb4 Bf6 23. Qd2 Kg7 24. Rc4
Ra6 25. Qd1 b6 26. Bb4 c5 27. Bd2 Nc7 28. Rcc1 Nd5 29. Qh1 $5 Be7 30. Kg1 {
White has created a battery.} Rd8 31. Rc2 Qe6 32. Qg2 Ra7 33. Re1 Rad7 34. Kh2
Rc8 35. Qh3 Qxh3+ 36. Kxh3 h5 37. Rb1 Ra8 38. Kg2 Ra6 39. b3 axb3 40. Rxb3 Bf6
41. Rc4 Rd6 42. Kf1 Kf8 43. a4 {The chances are about equal.} Nc3 $6 ({
Preferable is to wait by} 43... Kg7) 44. Bf4 $1 Re6 45. e3 $1 Nxa4 $6 (45...
Kg7 46. exd4 cxd4 {does not lose material.}) 46. Bd5 $1 Re7 47. Bd6 b5 $5 48.
Bxe7+ Bxe7 49. Rxb5 Nb6 50. e4 $5 {He returns the exchange.} Nxc4 51. Rb8+ Kg7
52. Bxc4 {White has a plus.} Ra7 53. f4 Bd6 54. Re8 Rb7 55. Ra8 Be7 56. Kg2 Rb1
57. e5 Re1 58. Kf2 Rb1 59. Re8 Bf8 60. Rc8 Be7 61. Ra8 Rb2+ 62. Kf3 Rb1 63. Bd5
Re1 64. Kf2 Rd1 65. Re8 Bf8 66. Bc4 Rb1 67. g4 $5 {Carlsen tries a
breakthrough, as a last effort to win.} hxg4 68. h5 Rh1 $2 ({Right is} 68...
gxh5 $1 69. f5 h4 70. f6+ Kg6 $1 71. Rxf8 Kf5 72. Rh8 Rb2+ 73. Kg1 Rb1+ {and
Black delivers perpetual check (Marin).}) 69. hxg6 fxg6 70. Re6 $1 Kh6 71. Bd5
Rh2+ ({Or} 71... Ra1 72. Be4 Kh5 73. Re8 Bh6 74. Rh8 {and White wins 
(Petronijevic).}) 72. Kg3 Rh3+ 73. Kxg4 Rxd3 74. f5 Re3 75. Rxg6+ Kh7 76. Bg8+
$1 Kh8 77. Kf4 Rc3 78. f6 d3 79. Ke3 c4 80. Be6 Kh7 81. Bf5 Rc2 82. Rg2+ Kh6
83. Rxc2 dxc2 84. Bxc2 Kg5 85. Kd4 Ba3 86. Kxc4 Bb2 87. Kd5 Kf4 88. f7 Ba3 89.
e6 Kg5 90. Kc6 Kf6 91. Kd7 Kg7 92. e7 {Carlsen regained the sole lead by his
fourth win.} 1-0

[Event "Tata Steel"]
[Site "Wijk aan Zee 75"]
[Date "2013.01.22"]
[Round "9"]
[White "Hou, Yifan"]
[Black "Carlsen, Magnus"]
[Result "0-1"]
[WhiteElo "2603"]
[BlackElo "2861"]
[Annotator "JvR"]
[PlyCount "132"]
[EventDate "2013.01.??"]
[EventCountry "NED"]

1. e4 e5 2. Nf3 Nc6 3. c3 {Hou Yifan tries the Ponziani too.} Nf6 4. d4 exd4 5.
e5 Nd5 6. Bc4 Nb6 7. Bb3 d5 8. cxd4 Bg4 9. Be3 f6 $5 10. O-O Qd7 11. h3 Bh5 12.
e6 $6 Qd6 $1 {Pawn e6 becomes a target.} ({The pointe is} 12... Qxe6 $5 13. Ng5
$1 fxg5 14. Qxh5+ g6 15. Qxg5 {and White has the initiative (Marin).}) 13. Nc3
O-O-O 14. a4 a5 15. Nb5 Qxe6 16. Bf4 Rd7 17. Re1 Qf7 18. Rc1 Bb4 19. Re3 g5 20.
Bh2 Nc4 21. Bxc4 dxc4 22. Qc2 Bxf3 $5 23. Rxf3 Nxd4 24. Nxd4 Rxd4 25. Be5 $1
Rd2 26. Qf5+ Qd7 27. Qxf6 Re8 28. Bg3 Rd4 29. Rf1 g4 30. hxg4 Rxg4 31. Rf4 h5
32. Rxg4 hxg4 33. Rc1 c3 34. bxc3 Bc5 {Black has returned the pawn for a
positional advantage.} 35. Qg5 b6 36. c4 Re4 37. Qg6 Re2 38. Kf1 Qd2 39. Qxg4+
$5 Kb8 40. Qxe2 Qxc1+ 41. Qe1 Qxc4+ 42. Qe2 Qxa4 43. Be5 Bd4 44. Bxd4 Qxd4 {He
has an additional pawn in the queen ending.} 45. g4 Qd5 46. Qe8+ Kb7 47. Qa4 b5
48. Qxa5 Qd1+ 49. Qe1 Qxg4 50. Qe5 Qc4+ 51. Kg2 Qc6+ 52. Kf1 b4 53. f4 b3 54.
f5 Ka6 55. Qa1+ Kb6 56. Qh8 Qc1+ 57. Kg2 Qc2+ 58. Kh1 b2 59. Qb8+ Ka5 60. Qa7+
Kb4 61. Qb7+ Ka3 62. Qf3+ Qb3 63. Qa8+ Qa4 64. Qf3+ Ka2 65. Qd5+ Ka1 66. Qe5 c5
{Carlsen increased the lead to one point.} 0-1

[Event "Tata Steel"]
[Site "Wijk aan Zee 75"]
[Date "2013.01.23"]
[Round "10"]
[White "Carlsen, Magnus"]
[Black "L'Ami, Erwin"]
[Result "1-0"]
[WhiteElo "2861"]
[BlackElo "2627"]
[Annotator "JvR"]
[PlyCount "129"]
[EventDate "2013.01.??"]
[EventCountry "NED"]

1. e4 c6 2. d4 d5 3. Nd2 dxe4 4. Nxe4 Bf5 5. Ng3 Bg6 6. Bc4 e6 7. N1e2 b5 {
Erwin makes an odd move.} 8. Bb3 Bd6 $5 ({Known is} 8... c5) 9. Nf4 Bxf4 $5 10.
Bxf4 Nf6 11. O-O O-O 12. c4 $5 bxc4 13. Bxc4 Qb6 14. Qd2 Rd8 15. Rfd1 Nbd7 16.
Rac1 Nd5 17. Bd6 N7f6 18. Bc5 $1 {A bishop blockades the weakling c6.} Qb8 19.
f3 h6 20. Ne2 Nd7 21. Ba3 e5 22. b3 Qb6 23. Nc3 N7f6 $6 ({Better is} 23... Nxc3
$1 24. Qxc3 Re8 $1 {(Gormally).}) 24. Bc5 $1 Qc7 25. dxe5 Qxe5 26. Bd4 Qe7 27.
Re1 Qd6 28. Qf2 Nxc3 29. Bxc3 Nd5 30. Be5 Qa3 31. h4 f6 32. Bd4 Kh7 33. Bxd5
Rxd5 ({The pointe is} 33... cxd5 $2 34. h5 $1 Bxh5 35. Qh4 $1 Bf7 36. Rc7 Kg8
37. Ree7 Rf8 38. Bxf6 {and White wins.}) 34. Rxc6 {White has gained a pawn.}
Qb4 35. Rc4 Qd6 36. Bc5 Qd8 37. Kh2 a6 38. Be7 Qb8+ 39. Qg3 Qxg3+ 40. Kxg3 Ra7
41. Rc6 a5 42. Bc5 Rad7 43. Be3 R7d6 44. Rc4 Re6 45. Kf2 Rde5 46. Rc3 Be8 47.
Bd2 a4 48. Rxe5 Rxe5 49. b4 $1 Bb5 $5 50. Be3 h5 51. Rc7 Kg6 52. Ra7 Rd5 53.
Kg3 Rd3 54. Bc5 Ra3 $5 {L'Ami could defend passively.} ({The alternative is} 
54... Rd7 $1 55. Ra5 Rb7 56. Kf4 Kf7 57. g4 hxg4 58. fxg4 Ke6 {and the black
defence will be hard to break (Gormally).}) 55. Bf8 $1 Rxa2 56. Kf4 $1 Kh7 57.
Rxg7+ Kh8 58. Kf5 $1 {The final attacks starts.} Rc2 59. Kxf6 a3 $2 {The fatal
mistake is made.} (59... Rc6+ $1 60. Kg5 Rc8 61. Rb7 Rxf8 62. Rxb5 Ra8 63. Rd5
a3 64. Rd1 a2 65. Ra1 Rg8+ 66. Kf6 Rxg2 67. b5 Rb2 68. Kg6 Rxb5 69. Rxa2 Rb6+
70. Kxh5 Kg7 {leads to a theoretical draw.}) 60. Ra7 $5 a2 61. g3 Rc6+ 62. Kg5
Kg8 63. Bc5 Ba6 64. Bd4 Rd6 65. Ba1 {Carlsen scored his sixth win.} 1-0

[Event "Tata Steel"]
[Site "Wijk aan Zee 75"]
[Date "2013.01.23"]
[Round "10"]
[White "Harikrishna, Penteala"]
[Black "Hou, Yifan"]
[Result "0-1"]
[WhiteElo "2698"]
[BlackElo "2603"]
[Annotator "JvR"]
[PlyCount "110"]
[EventDate "2013.01.??"]
[EventCountry "NED"]

1. e4 c5 2. Nf3 d6 3. d4 cxd4 4. Nxd4 Nf6 5. Nc3 e6 6. g4 h6 7. h4 e5 8. Nf5
Nc6 9. Bg2 g6 10. Ne3 Be6 $5 11. Ncd5 $1 Bxd5 12. exd5 Ne7 13. Qe2 Bg7 14. Qb5+
Qd7 15. Qxd7+ Nxd7 16. Bd2 Rc8 17. Bb4 $5 Nc5 18. O-O-O O-O 19. h5 Bf6 $1 20.
Kb1 Kg7 21. Nf1 $5 Bg5 22. Ng3 b6 {Black has equalised.} 23. Bxc5 bxc5 24. Ne4
Rcd8 25. hxg6 fxg6 26. Rh3 Rf4 {She takes the initiative.} 27. Ra3 Rxg4 28. Bf3
Rf4 29. Rxa7 Rxf3 30. Nxg5 hxg5 31. Rxe7+ Kf6 32. Re6+ $1 Kf5 33. Rd2 {White
has saved pawn f2.} g4 34. c3 $2 ({Correct is} 34. a4 $1 c4 35. Re2 Rh3 36. Kc1
c3 37. bxc3 Rxc3 {(Ftacnik)} 38. Re7 {and Black has little advantage.}) 34...
Kg5 $6 (34... Rh8 35. Rxd6 Rh2 {wins for Black.}) 35. Re2 Rdf8 36. Rxd6 Rxf2 $5
37. Rxe5+ R8f5 38. Re3 R5f3 39. Re5+ Rf5 40. Re3 R2f3 $5 41. Ree6 Rf6 42. Re5+
R3f5 43. Rxf6 Rxe5 44. Rf1 Rxd5 45. Kc2 Rf5 $6 (45... g3 $1 46. b4 cxb4 47.
cxb4 Kg4 {wins for Black.}) 46. Rg1 c4 47. Kd2 Rf2+ $1 48. Ke3 Rxb2 49. Ra1 g3
$1 50. Kf3 g2 51. Kg3 Rxa2 $1 52. Rb1 Kf5 53. Kh2 Ke4 54. Rd1 Kf3 55. Rd6 Ra5
$1 {The former world champion among women played a fine rook ending.} 0-1

[Event "Tata Steel"]
[Site "Wijk aan Zee 75"]
[Date "2013.01.25"]
[Round "11"]
[White "Giri, Anish"]
[Black "Caruana, Fabiano"]
[Result "1-0"]
[WhiteElo "2720"]
[BlackElo "2781"]
[Annotator "JvR"]
[PlyCount "55"]
[EventDate "2013.01.??"]
[EventCountry "NED"]

1. d4 d5 2. c4 e6 3. Nf3 c6 4. Nc3 dxc4 5. a4 Bb4 6. g3 Nf6 7. Bg2 Nbd7 8. O-O
O-O 9. Qc2 Qa5 10. Na2 Bd6 11. Qxc4 Nb6 $5 ({Known is the freeing move} 11...
e5) 12. Qc2 Qxa4 $2 {Greed will become fatal.} ({Correct is} 12... Qf5 13. Qb3
Qd5 14. Qd1 {(Giri)} Qh5) 13. b3 $1 Qa5 $5 14. Ne5 $2 (14. e4 $1 {conquers the
centre.}) 14... Nbd7 15. Nc4 Qc7 16. Nxd6 Qxd6 17. Rd1 e5 $5 18. Nc3 $1 exd4 {
Black grabs another pawn.} 19. Ba3 $1 c5 $2 ({Giri analyses} 19... Qe5 20. Bxf8
Nxf8 21. Ne4 $1 Nd5 $1 22. f4 {and White has the initiative.}) 20. e3 $1 d3 $5
21. Rxd3 Qb8 22. Nd5 $1 Nxd5 23. Rxd5 b6 24. Bb2 $1 {White has a decisive
attack.} a5 25. Ra4 $5 Re8 26. Rg5 g6 27. Bd5 Kf8 28. Rf4 {Giri scored a win
at last.} 1-0

[Event "Tata Steel"]
[Site "Wijk aan Zee 75"]
[Date "2013.01.25"]
[Round "11"]
[White "Nakamura, Hikaru"]
[Black "Aronian, Levon"]
[Result "0-1"]
[WhiteElo "2769"]
[BlackElo "2802"]
[Annotator "JvR"]
[PlyCount "96"]
[EventDate "2013.01.??"]
[EventCountry "NED"]

1. d4 d5 2. c4 c6 3. Nc3 Nf6 4. e3 e6 5. Nf3 a6 6. c5 Nbd7 7. Na4 b5 8. cxb6
Nxb6 9. Bd2 Nxa4 10. Qxa4 Bd7 11. Qc2 Qb6 $5 (11... Ne4 12. Bd3 Nxd2 13. Nxd2
Bd6 {drew in Nielsen - Krivoshey, Bundesliga 2003.}) 12. Rc1 $6 ({Preferable is
} 12. Bd3 $1 c5 13. dxc5 Qxc5 14. Bc3) 12... Rb8 $1 13. Bd3 Qxb2 $1 14. O-O Bd6
15. Ne5 $5 Qxc2 16. Rxc2 c5 $1 17. Nxd7 Nxd7 18. Bxa6 $6 ({Better is the pawn
sacrifice} 18. dxc5 $1 Nxc5 19. Be2 {(Aronian).}) 18... c4 $1 19. a4 $1 Bb4 20.
Bc1 Nf6 21. f3 O-O 22. e4 Ne8 23. Bb5 Rb6 {Black has a positional advantage.}
24. Bf4 Nd6 25. Rb1 Ba5 26. Kf1 $5 f6 27. Rcb2 Rfb8 28. h4 c3 $2 29. Re2 $2 (
29. Rb3 $1 dxe4 30. Bd7 $1 {(Aronian)} e5 $1 31. dxe5 fxe5 32. Be6+ $1 Kh8 33.
Bxe5 c2 34. Rc1 Rxb3 35. Bxb3 Rxb3 36. Bxd6 Rc3 37. Ke2 {leads to a draw.})
29... e5 $1 30. dxe5 $5 Nxb5 $1 31. axb5 d4 $1 32. Rd1 Rxb5 33. Rc2 d3 $2 (
33... fxe5 {wins easily.}) 34. Rxd3 Rb1+ 35. Bc1 $2 (35. Kf2 $1 R8b2 36. Rxb2
$1 cxb2 37. Rb3 {draws.}) 35... R8b2 36. Rcxc3 Bxc3 37. Rxc3 Rd2 38. Rc8+ Kf7
39. Rc7+ Ke6 40. exf6 gxf6 41. Kg1 Rd1+ 42. Kh2 Rbxc1 43. Rxh7 Rd7 44. Rh6 Rcc7
45. Rh8 Rh7 46. Re8+ Kf7 47. Ra8 Rxh4+ 48. Kg3 Rh1 {Aronian competed for the
second place.} 0-1